00481nam a2200169Ia 450000500170000000800410001702000150005808200130007310000140008624500140010026000290011430000130014350000350015694200060019195200990019799900150029620250508071201.0240331s9999 xx 000 0 und d a1876626518 bSIVa894 aSivagami, 0aKathaigal bMithra Publicationc2003 a143 p ., aA Collections of Short Stories cL 001040708LaWERCLbWERCLcSSCd2024-03-31l0o 894.811 SIVp5654r2024-03-31w2024-03-31yL c3774d3774